LIBRARY & INFORMATION CENTRE, KCAET, TAVANUR

ONLINE PUBLIC ACCESS CATALOGUE (OPAC)

Normal view MARC view
  • Soil science

Entry Topical Term

Number of records used in: 5

001 - CONTROL NUMBER

  • control field: 5823

003 - CONTROL NUMBER IDENTIFIER

  • control field: OSt

005 - DATE AND TIME OF LATEST TRANSACTION

  • control field: 20240203161507.0

008 - FIXED-LENGTH DATA ELEMENTS

  • fixed length control field: 240203|| aca||aabn | a|a d

040 ## - CATALOGING SOURCE

  • Original cataloging agency: OSt
  • Transcribing agency: OSt

150 ## - HEADING--TOPICAL TERM

  • Topical term or geographic name as entry element: Soil science

670 ## - SOURCE DATA FOUND

  • Source citation: Work cat.: (OSt)10041: Stewart, B. A . 451, Advances in soil science vol-16 / , 1985.
free website counter